| 000 | 00355 a2200157 4500 | ||
|---|---|---|---|
| 001 | 183982 | ||
| 020 | _a84-348-3968-7 | ||
| 040 | _cMagnum | ||
| 100 | _aAlonso, Manuel L | ||
| 240 | 1 | 0 |
_aPapá ya no vive con nosotros _lESP |
| 245 | 1 | 0 | _aPapá ya no vive con nosotros |
| 300 | _a60 | ||
| 362 | 0 | _a1998 | |
| 697 | _aLITERATURA ESPANHOLA | ||
| 942 | _cBK | ||
| 999 |
_c183982 _d183982 |
||